000 00842nam a2200289Ia 4500
001 71072
003 145090
005 20241204091521.0
008 ||||||n9999 ||| || ||
041 _aspa
245 0 _aCarta internacional de derechos humanos
260 _aSuiza :
_bNAUNI,
_c1996.
300 _a74p
490 _aDerechos humanos
_v2
562 _e1
650 0 _aAcuerdos internacionales
_95023
650 _aDECLARACIÓN UNIVERSAL DE DERECHOS HUMANOS
_990782
650 _aDERECHO HUMANITARIO
_948132
650 0 _aDerecho internacional
_93831
650 _aDERECHOS ECONÓMICOS--ASPECTOS SOCIALES
_910112
650 0 _aNormatividad
_925298
650 _aPACTO INTERNACIONAL DE DERECHOS CIVILES Y POLITICOS
_987632
650 _aPACTOS
_993908
650 _aPROTOCOLO
_912782
942 _cBKM
942 _cDOC
999 _c71072
_d71072